Statistiken für Die größten Städte im Südwesten

Klicken Sie hier um das Quiz zu spielen!

Allgemein

  • Dieses Quiz wurde 44 mal gespielt
  • Das Durchschnittsergebnis liegt bei 30 aus 58

Antwortstatistiken

HintAntwort% Korrekt
BWStuttgart
100%
BWKarlsruhe
97%
BWFreiburg
95%
BWMannheim
95%
SLSaarbrücken
89%
BWHeidelberg
87%
RPKoblenz
87%
RPMainz
87%
BWUlm
84%
RPKaiserslautern
79%
BWKonstanz
79%
RPLudwigshafen
79%
BWReutlingen
76%
RPTrier
76%
BWTübingen
74%
BWFriedrichshafen
71%
BWHeilbronn
71%
BWPforzheim
71%
BWOffenburg
68%
RPSpeyer
68%
RPWorms
68%
BWBaden-Baden
63%
BWLudwigsburg
63%
SLNeunkirchen
61%
BWHeidenheim
55%
SLHomburg
55%
BWVillingen-Schwenningen
55%
BWEsslingen
53%
BWLörrach
53%
BWSindelfingen
53%
BWAalen
47%
RPPirmasens
47%
BWBöblingen
42%
RPNeuwied
42%
BWRastatt
42%
RPNeustadt
39%
BWRavensburg
39%
BWSchwäbisch Hall
39%
BWGöppingen
37%
BWSchwäbisch Gmünd
37%
BWWaiblingen
37%
RPLandau
34%
RPBad Kreuznach
29%
RPFrankenthal
29%
BWLeonberg
29%
BWKirchheim
26%
BWWeinheim
26%
BWLahr
24%
BWNürtingen
24%
BWBruchsal
21%
BWFellbach
21%
BWFilderstadt
21%
BWSingen
21%
BWAlbstadt
13%
BWLeinfelden-Echterdingen
13%
BWRottenburg
13%
BWSchorndorf
13%
BWBietigheim-Bissingen
11%

Verteilung der Resultate

Perzentil nach korrekt beantworteten Fragen

Anzahl Personen mit jedem Resultat

Ihre Resultats-Entwicklung

Sie haben dieses Quiz noch nicht gespielt